| 000 | 01809nam a2200337 c 4500 | ||
|---|---|---|---|
| 003 | BLK | ||
| 005 | 20180420223352.0 | ||
| 008 | 180408b bul|||||r ||||||| ||bul|| | ||
| 010 | _aKNG00069752000 | ||
| 040 | _aBLK | ||
| 041 |
_aBUL _cBUL |
||
| 080 |
_aЖивотновъдни сгради и съоръжения. Ферми. Спомагателни помещения. Оборудване. Вж и 728. 9; 69; 636. 08; 727. 6; 631. 3 _b631.22 _x(083.7) _z631.22(083.7) |
||
| 139 |
_aЖивотновъдни обекти _bЖ 49 |
||
| 245 | 1 | 0 |
_aЖивотновъдни обекти _bНорми за проектиране на генерални планове за животновъдни и птицевъдни комплекси ; Норми за проектиране на животновъдни и птицевъдни сгради ; Наредба № 44 от 20 апр. 2006 г. за ветеринарномед. изисквания към животновъдните обекти ; Технологични норми |
| 257 | _aBGR | ||
| 260 |
_аСофия _bБлестящ факел _c2006 |
||
| 300 |
_a195 с. _bс табл. _c21 см |
||
| 380 | _a63 | ||
| 490 | 1 |
_aБиблиотека на проектанта,строителя и инвеститора _vКн. 18 |
|
| 500 | _aОфс. изд. | ||
| 650 | 4 |
_aСелскостопански сгради - проектиране и строителство _9292486 |
|
| 653 | _aселскостопански сгради | ||
| 653 | _aживотновъдство | ||
| 653 | _aпроектиране | ||
| 653 | _aнормативни документи | ||
| 852 | _aЦб 230241 | ||
| 856 | 4 |
_qpdf _u |
|
| 856 | 4 |
_qpdf _u |
|
| 942 |
_cKNG _n0 |
||
| 944 |
_aCR _c29.11.2006 _kЛюдмила_Стоянова |
||
| 944 |
_aED _c04.12.2006 _k |
||
| 999 |
_c65474 _d65474 |
||